<?xml version="1.0" encoding="UTF-8"?>
<marc:record xmlns:marc="http://www.loc.gov/MARC21/slim">
   <marc:leader>00000nam a2200000 a 4500</marc:leader>
   <marc:datafield ind1="1" ind2=" " tag="100">
      <marc:subfield code="a">Dostojewski, Fedor M.</marc:subfield>
      <marc:subfield code="4">aut</marc:subfield>
      <marc:subfield code="e">Verfasser/-in</marc:subfield>
   </marc:datafield>
   <marc:datafield ind1="0" ind2="0" tag="245">
      <marc:subfield code="a">Die Brüder Karamasoff</marc:subfield>
   </marc:datafield>
   <marc:datafield ind1="0" ind2="0" tag="245">
      <marc:subfield code="c">Fedor M. Dostojewski</marc:subfield>
   </marc:datafield>
   <marc:datafield ind1=" " ind2="1" tag="264">
      <marc:subfield code="a">München [u.a.]</marc:subfield>
      <marc:subfield code="b">Piper</marc:subfield>
      <marc:subfield code="c">1985</marc:subfield>
   </marc:datafield>
   <marc:datafield ind1=" " ind2=" " tag="250">
      <marc:subfield code="a">7</marc:subfield>
   </marc:datafield>
   <marc:datafield ind1="1" ind2=" " tag="520">
      <marc:subfield code="a">Dostojewskis letzter Roman, 1880 erschienen, ist thematisch und ideell sowie kompositorisch und erzähltechnisch sein komplexestes Werk: die Geschichte eines Vatermords in der Hülle eines Kriminalromans, die sich jedoch nicht auf den äußeren Ablauf des Geschehens beschränkt, sondern ein äußerst vielschichtiges Drama entwickelt. Die dämonischen und die lichten Mächte des Daseins, Selbstüberhebung und Lebensangst, Liebe und Hingabe an den göttlichen Willen verkörpern die unvergeßlichen Charaktere der "Brüder Karamasoff".</marc:subfield>
   </marc:datafield>
   <marc:datafield ind1=" " ind2=" " tag="020">
      <marc:subfield code="a">3492204023</marc:subfield>
      <marc:subfield code="9">3492204023</marc:subfield>
   </marc:datafield>
   <marc:datafield ind1=" " ind2=" " tag="500">
      <marc:subfield code="a">Aus dem Russ. übers. von E. K. Rahsin</marc:subfield>
   </marc:datafield>
   <marc:datafield ind1=" " ind2=" " tag="300">
      <marc:subfield code="a">1325 S.</marc:subfield>
   </marc:datafield>
</marc:record>
